000 00503nam a2200181Ia 4500
003 OSt
005 20251031112454.0
008 250729s2005 xx 000 0 und d
040 _cAL
041 _akan
082 _a370 OBAS
100 _aಓಬಳೇಶಘಟ್ಟಿ ಆರ್‍
_9223648
245 _aಶಿಕ್ಶಣದ 'ಪರಿಕಲ್ಪನಾತ್ಮಕ' ಬುನಾದಿಗಳು
260 _aGadag
_c2005
300 _a293p
650 _aEducation
_9223649
942 _2ddc
_cBED
999 _c236013
_d236013